000 00683nam a2200265 a 4500
003 AR-BaBNM
005 20251128204646.0
008 082120s2002 ||||||||||||||000 | spa||
020 _a950-9831-25-5
040 _cAR-BaBNM
100 1 _aCaseiras, Alicia
245 0 0 _aUn invento poco inventado
260 _aBuenos Aires
_bMétodos
_c1992
300 _a40 p.
_bil.
490 0 _aLa pluma encantada
_vv. 2
500 _aSe recomienda a partir de los 8 años
650 4 _aLITERATURA INFANTIL
650 4 _aINVENTOS
650 4 _aANIMALES
653 _aCUENTO MARAVILLOSO
655 _aLITERATURA
700 1 _aRojas, Oscar
_eilustrador
942 _cBK
998 _cisola
999 _c8263
_d8263